| 000 | 01050nas a2200277 i 4500 | ||
|---|---|---|---|
| 001 | 189762 | ||
| 003 | ES-MaACL | ||
| 005 | 20250217134931.0 | ||
| 008 | 191015d19511961sp a| | ||pa d | ||
| 022 | _a2254-9781 | ||
| 080 | _a656.8(460)(060.55) | ||
| 110 | 1 |
_aEspaña. _bDirección General de Correos y Telecomunicación. _93725 |
|
| 245 | 1 | 0 |
_aMemoria de los servicios de telecomunicación de España / _cMinisterio de la Gobernación, Direccón General de Correos y Telecomunicación. |
| 260 |
_aMadrid : _bServicio de Estudio y Organización, _c1951-1961. |
||
| 300 |
_a8 v. ; _c24 cm. |
||
| 310 | _aAnual | ||
| 362 | 0 | _a1950-1960. | |
| 610 | 2 | 4 |
_aEspaña. _bDirección General de Correos y Telecomunicación- _vMemorias. _9170425 |
| 650 | 4 |
_aTelecomunicaciones- _zEspaña. _9168520 |
|
| 852 |
_aES-MaACL _jP-994 |
||
| 852 |
_aES-MaACL _jC-21019 _z.- Año 1959 |
||
| 852 |
_aES-MaACL _jC-20745 _z.- Año 1960 |
||
| 852 |
_aES-MaACL _jC-21253 _z.- Año 1959 |
||
| 866 | 0 | _o1950-1953, 1955-1956, 1959, 1960 | |
| 999 |
_c189762 _d189762 |
||